000 00738nam a2200241Ia 4500
003 OSt
005 20220925174637.0
006 a|||||r|||| 00| 0
007 ta
008 220923b |||||||| |||| 00| 0 eng d
020 _a0884046737
037 _cGeneral Book
040 _aRTL
_cRTL
_beng
041 _2eng
_aeng
082 _aX:8n 73,N91, NI.2
110 _aHUBBARD (L.Ron)
_9247262
245 0 _aManagement series
_bEstablishment officer, executive, finance ,target and the computer series
260 _aCalfornia
_bBridge publications Inc.
_c1991
300 _a509p.; Bib.;p.491
_ccm.
700 _aHUBBARD (L.Ron)
_972715
942 _hX:8n 73,N91, NI.2
_cGB
_2CC
999 _c491588
_d491588